[Event "MK Cafe Cup-A"]
[Site "Koszalin"]
[Date "1999.08.10"]
[Round "7"]
[White "Bologan, Viktor"]
[Black "Romanishin, Oleg M"]
[Result "1/2-1/2"]
[WhiteElo "2620"]
[BlackElo "2567"]

1.e4 c5 2.Nf3 e6 3.d4 cxd4 4.Nxd4 Nc6 5.Nc3 a6 6.Be2 Nge7 7.f4 b5 8.O-O Bb7
9.Kh1 Nxd4 10.Qxd4 Nc6 11.Qf2 Be7 12.Be3 O-O 13.Rad1 Bh4 14.Qg1 Rc8 15.Bb6 Qe8
16.Qe3 Bd8 17.Rd2 Na5 18.Rfd1 Bc6 19.b4 Nb7 20.a4 Qe7 21.Rb1 Bxb6 22.Qxb6 f5
23.axb5 axb5 24.Bxb5 Nd6 25.Ba6 fxe4 26.Bxc8 Nc4 27.Qd4 Nxd2 28.Qxd2  1/2-1/2

[Event "Valoz Cup"]
[Site "Olomouc"]
[Date "1999.08.10"]
[Round "5"]
[White "Balenovic, Zvonimir"]
[Black "Beil, Zdenek"]
[Result "0-1"]
[WhiteElo "2288"]
[BlackElo "2303"]

1.e4 c5 2.Nf3 e6 3.d4 cxd4 4.Nxd4 Nc6 5.Nc3 a6 6.g3 Nge7 7.Nb3 d6 8.a4 Bd7
9.Bg2 Nc8 10.O-O Be7 11.Be3 O-O 12.a5 b6 13.axb6 Nxb6 14.Qe2 Bc8 15.Rfd1 Qc7
16.Nb5 Qb8 17.Bxb6 Qxb6 18.Nxd6 Ne5 19.Nc4 Nxc4 20.Qxc4 e5 21.Qd5 Bg4 22.Rdb1 Rac8
23.Qa5 Qb8 24.Qxa6 Rxc2 25.Na5 Bc5 26.b4 Bxf2+ 27.Kh1 Bd4 28.Nc6 Rxc6 29.Qxc6 Bxa1
30.Rxa1 Qxb4 31.h3 Be6 32.Ra8 g6 33.Rxf8+ Kxf8 34.Qc7 Qd4 35.Kh2 Bc4 36.Qc6 Kg7
37.Qb7 h5 38.h4 Bd3 39.Qc6 Qf2 40.Qc3 Bf1 41.Qf3 Qxg2+ 42.Qxg2 Bxg2 43.Kxg2 Kf6
44.g4 Ke6 45.Kf3 Kd6 46.gxh5 gxh5 47.Ke3 Kc5 48.Kd3 Kb4 49.Kd2 Kc4 50.Ke3 Kc3  0-1

[Event "MK Cafe Cup-B"]
[Site "Koszalin"]
[Date "1999.08.11"]
[Round "8"]
[White "Sulskis, Giedrius"]
[Black "Kozlowski, Waldemar"]
[Result "1/2-1/2"]
[WhiteElo "2189"]
[BlackElo "2352"]

1.e4 c5 2.Nf3 e6 3.d4 cxd4 4.Nxd4 Nc6 5.Nc3 a6 6.Be3 d6 7.Bd3 Nf6 8.O-O Be7
9.Kh1 O-O 10.f4 Qc7 11.Qf3 Bd7 12.Qg3 b5 13.a3 Rac8 14.Rae1 Nxd4 15.Bxd4 Bc6
16.e5 dxe5 17.fxe5 Nd7 18.Rf4 g6 19.Rg4 Kh8 20.Qh3 Rg8 21.Ne2 Nxe5 22.Nf4 Bf6
23.Nh5 gxh5 24.Qxh5 Rg6 25.Bxe5 Bxe5 26.Bxg6 fxg6 27.Qxe5+ Qxe5 28.Rxe5 Bd5
29.c3 Kg7 30.Rf4 a5 31.Kg1 a4 32.Kf2 Bc4 33.Ke3 Rd8 34.Rd4 Rf8 35.Rc5 Rf7
36.Rc8 Rf1 37.Rd7+ Kh6 38.Rh8 Re1+ 39.Kf2 Re2+ 40.Kg3 Kg5 41.h4+ Kf5 42.Rf8+ Ke5
43.Rf4 Re3+ 44.Rf3 Re2 45.Rf2 Re3+ 46.Kh2 h5 47.Rg7 Bd3 48.Rf3 Rxf3 49.gxf3 Kf4
50.Rf7+ Ke3  1/2-1/2

[Event "MK Cafe Cup-B"]
[Site "Koszalin"]
[Date "1999.08.11"]
[Round "8"]
[White "Juzek, Adrian"]
[Black "Kiseleva, Natalia"]
[Result "1/2-1/2"]
[WhiteElo "2202"]
[BlackElo "2343"]

1.e4 c5 2.Nf3 e6 3.d4 cxd4 4.Nxd4 Nc6 5.Nc3 Qc7 6.Be3 a6 7.Be2 Nf6 8.O-O Bb4
9.f3 O-O 10.Nb3 Be7 11.f4 d6 12.a4 Na5 13.Nxa5 Qxa5 14.Qe1 Re8 15.b4 Qc7
16.a5 Bd7 17.Bb6 Qc8 18.Bd3 d5 19.Rb1 dxe4 20.Nxe4 Bc6 21.Ng5 h6 22.Nf3 Nd5
23.Bd4 f6 24.g3 Qd7 25.Ba1 Rad8 26.Bg6 Rf8 27.Nd4 Nc7 28.c4 f5 29.Bh5 Be4
30.Rd1 Qa4 31.Bc3 Bf6 32.Bf3 Bxf3 33.Rxf3 Bxd4+ 34.Bxd4 Rf7 35.Rfd3 Rfd7
36.Qc3 Qc6 37.Be5 Ne8 38.Rxd7 Rxd7 39.Rd4 Kf7 40.Qd3 Rxd4 41.Qxd4 Nf6 42.Bxf6 gxf6
43.Kf2  1/2-1/2

[Event "MK Cafe Cup-A"]
[Site "Koszalin"]
[Date "1999.08.12"]
[Round "9"]
[White "Brodsky, Michail"]
[Black "Poluljahov, Aleksandr"]
[Result "1/2-1/2"]
[WhiteElo "2512"]
[BlackElo "2554"]

1.e4 c5 2.Nf3 e6 3.d4 cxd4 4.Nxd4 Nc6 5.Nc3 Qc7 6.Be2 a6 7.O-O Nf6 8.Be3 d6
9.f4 Be7 10.a4 O-O 11.Kh1 Re8 12.Bf3 Bd7 13.Nb3 b6 14.g4 Bc8 15.g5 Nd7 16.Bg2 Bb7
17.Qg4 Nb4 18.Rf2 Bf8 19.Qh3 g6 20.f5 Ne5 21.Rd1 Rad8 22.Nd4 exf5 23.exf5 Bxg2+
24.Qxg2 d5 25.Bf4 Qc8 26.Re2 Nec6 27.fxg6 hxg6 28.Nxc6 Rxe2 29.Nxe2 Qxc6
30.Nd4 Qxa4 31.Be5 Re8 32.Bf6 Qd7 33.Qf3 Re4 34.c3 Nc6 35.Ne2 Qe6 36.Nf4 Qf5
37.Qh3 Qxh3 38.Nxh3 Be7 39.Nf2 Rf4 40.Nd3 Re4 41.Nf2 Rf4 42.Nd3 Rf5 43.Bxe7 Nxe7
44.h4 Nc6 45.Kg2 f6 46.gxf6 Kf7 47.Re1 Rxf6 48.Kg3 d4 49.Rc1 Re6 50.Nf4 Rd6
51.Kf3 dxc3 52.Rxc3 Nd4+ 53.Ke4 Nb5 54.Rg3 Rf6 55.h5 gxh5 56.Nxh5 Rf2 57.Rf3+ Rxf3
58.Kxf3 Ke6 59.Nf4+ Ke5 60.Ke3 a5 61.Ne2 Kd5 62.Kd3 Kc5 63.Nf4 a4 64.Ne2 Kb4
65.Nc1 Nc7 66.Kc2 Ne6 67.Nd3+ Kc4 68.Ne5+ Kd4 69.Nf3+ Kc5 70.Nd2 b5 71.Ne4+ Kb4
72.Nd2 Nd4+ 73.Kb1 Kc5 74.Ka2 b4 75.Ne4+ Kd5 76.Nf6+ Kc4 77.Ne4 Kd5 78.Nf6+ Kc5
79.Ne4+ Kc4 80.Kb1 Nf3 81.Nf2 Kd4 82.Kc2 Ne5 83.Nd1 Nd3 84.Kb1 Ne5 85.Kc2 Ng4
86.Kd2 Ke4 87.Nc3+ bxc3+  1/2-1/2

[Event "Vlissingen HZ op"]
[Site "Vlissingen"]
[Date "1999.08.12"]
[Round "4"]
[White "Van der Wiel, John TH"]
[Black "Straat, Evert Jan"]
[Result "1-0"]
[WhiteElo "2544"]
[BlackElo "2210"]

1.e4 c5 2.Nf3 e6 3.d4 cxd4 4.Nxd4 Nc6 5.Nc3 Qc7 6.Be2 a6 7.O-O Nf6 8.Kh1 Nxd4
9.Qxd4 Bc5 10.Qd3 b5 11.f4 Bb7 12.Bf3 b4 13.e5 bxc3 14.exf6 gxf6 15.Qxc3 Bxf3
16.Rxf3 Ke7 17.b3 Bb6 18.Ba3+ d6 19.Rd1 Rad8 20.Qd2 Qb8 21.f5 e5 22.Rd3 Bc7
23.c4 Qc8 24.Bxd6+  1-0

[Event "MK Cafe Cup-B"]
[Site "Koszalin"]
[Date "1999.08.13"]
[Round "10"]
[White "Brustman, Agnieszka"]
[Black "Sokolowski, Roman"]
[Result "1-0"]
[WhiteElo "2383"]
[BlackElo "2255"]

1.e4 c5 2.Nf3 e6 3.d4 cxd4 4.Nxd4 Nc6 5.Nc3 Qc7 6.Be2 a6 7.O-O b5 8.Nxc6 Qxc6
9.Bf3 Bb7 10.Bf4 d6 11.Re1 Be7 12.Qd2 Rd8 13.a4 bxa4 14.Nxa4 h6 15.Re3 e5
16.Rc3 Qd7 17.Nb6 Qe6 18.Be3 Nf6 19.Nd5 Nxd5 20.exd5 Qd7 21.Be2 Ra8 22.Rb3 g5
23.Rba3 Qc8 24.Bb6 O-O 25.h4 gxh4 26.Qxh6 Qf5 27.Bd3 e4 28.Bd4 f6 29.Bxe4 Qxe4
30.Re3 Qxd5 31.Qg6+ Kh8 32.Rxe7  1-0

[Event "MK Cafe Cup-A"]
[Site "Koszalin"]
[Date "1999.08.13"]
[Round "10"]
[White "Pinski, Jan"]
[Black "Teske, Henrik"]
[Result "1-0"]
[WhiteElo "2444"]
[BlackElo "2515"]

1.e4 c5 2.Nf3 Nc6 3.d4 cxd4 4.Nxd4 e6 5.Nc3 Qc7 6.Be2 a6 7.Be3 Nf6 8.a3 d6
9.f4 Be7 10.g4 b5 11.g5 Nd7 12.O-O Bb7 13.f5 Nc5 14.fxe6 fxe6 15.Bg4 Nxd4
16.Qxd4 e5 17.Qd1 Nxe4 18.Nd5 Qc6 19.Be6 Nc5 20.Rf7 Nxe6 21.Rxe7+ Kd8 22.Rxe6 Re8
23.Qg4  1-0

[Event "Vlissingen HZ op"]
[Site "Vlissingen"]
[Date "1999.08.14"]
[Round "6"]
[White "David, Alberto"]
[Black "Bagaturov, Giorgi"]
[Result "1-0"]
[WhiteElo "2544"]
[BlackElo "2532"]

1.e4 c5 2.Nf3 e6 3.d4 cxd4 4.Nxd4 Nc6 5.Nc3 a6 6.Be2 d6 7.O-O Nf6 8.Kh1 Be7
9.a4 O-O 10.f4 Qc7 11.Be3 Re8 12.Bf3 Rb8 13.g4 Nxd4 14.Bxd4 b6 15.g5 Nd7
16.Bg2 Bb7 17.Qh5 g6 18.Qh3 Nf8 19.Qg3 Nd7 20.Qh3 Nf8 21.Qh6 e5 22.Be3 Ne6
23.f5 Nf4 24.Bxf4 exf4 25.Rxf4 Bf8 26.Qh3 Qe7 27.Rh4 Qxg5 28.Rxh7 Bg7 29.Rf1 b5
30.axb5 axb5 31.Rh4 b4 32.Rg4 Qh5 33.fxg6 fxg6 34.Nd5 Qxh3 35.Bxh3 Bc8 36.Rxg6 Bxh3
37.Rfg1 Rb7 38.Nf6+ Kh8 39.Rxg7 Rxg7 40.Rxg7 Kxg7 41.Nxe8+ Kf7 42.Nxd6+ Ke6
43.Nc4 Bf1 44.b3 Be2 45.Kg2 Bd1 46.Ne3 Bh5 47.Nd5 Ke5 48.Kf2 Bd1 49.Nxb4 Kxe4
50.Ke1  1-0

[Event "Zurich Hilton op"]
[Site "Zurich"]
[Date "1999.08.14"]
[Round "2"]
[White "Eggenberger, Werner"]
[Black "Kaenel, Hansjuerg"]
[Result "0-1"]
[WhiteElo "2109"]
[BlackElo "2408"]

1.e4 c5 2.Nf3 e6 3.d4 cxd4 4.Nxd4 Nc6 5.Nc3 Qc7 6.Be3 a6 7.Be2 Nf6 8.O-O Bb4
9.Na4 Be7 10.c4 Nxe4 11.c5 f5 12.Bf3 Nf6 13.g3 O-O 14.Re1 Nxd4 15.Bxd4 a5
16.Be5 Qd8 17.Qb3 Ra6 18.Rad1 Ne4 19.Bxe4 fxe4 20.Rxe4 Rc6 21.Bd6 Rf5 22.g4 Rf7
23.Qe3 b5 24.Nc3 Bxd6 25.Rxd6 Rxd6 26.cxd6 Bb7 27.Rf4 Rxf4 28.Qxf4 Qb6 29.Ne4 Qd4  0-1

[Event "Zurich Hilton op"]
[Site "Zurich"]
[Date "1999.08.16"]
[Round "4"]
[White "Wildi, Marcel"]
[Black "Kaenel, Hansjuerg"]
[Result "0-1"]
[WhiteElo "2304"]
[BlackElo "2408"]

1.e4 c5 2.Nf3 e6 3.d4 cxd4 4.Nxd4 Nc6 5.Nc3 Qc7 6.Be3 a6 7.Bd3 Nf6 8.O-O Ne5
9.h3 Bc5 10.Kh1 d6 11.f4 Ned7 12.Qf3 O-O 13.Qg3 Kh8 14.Rae1 b5 15.Bf2 Qb6
16.Nce2 e5 17.fxe5 dxe5 18.Nb3 Bxf2 19.Qxf2 Qxf2 20.Rxf2 Bb7 21.Ng3 Rac8
22.Nf5 Ba8 23.Kg1 Nb6 24.Nd2 Na4 25.Nf3 Rce8 26.b3 Nc3 27.Nd2 Nxa2 28.c4 Rd8
29.Bf1 Nc3 30.c5 Nfxe4 31.Nxe4 Nxe4 32.Rc2 g6 33.Nh4 Rc8 34.b4 Rfd8 35.Nf3 f6
36.Ra2 Bb7 37.Rc2 Kg7 38.Be2 Ng3 39.Ra1 e4 40.Nh2 Rd4 41.Bxb5 axb5 42.Ra7 Rd7
43.c6 Bxc6 44.Rxc6 Rxa7 45.Rxc8 e3 46.Ng4 Ra1+ 47.Kh2 e2 48.Rc7+ Kf8  0-1

[Event "ESP-ch"]
[Site "Palencia"]
[Date "1999.08.19"]
[Round "1"]
[White "Enjuto Velasco, Roberto"]
[Black "Teran Alvarez, Ismael"]
[Result "0-1"]
[WhiteElo "2117"]
[BlackElo "2419"]

1.e4 c5 2.Nf3 e6 3.d4 cxd4 4.Nxd4 Nc6 5.Nc3 Qc7 6.g3 d6 7.Bg2 Bd7 8.O-O Be7
9.Be3 Nf6 10.h3 O-O 11.f4 Nxd4 12.Bxd4 Bc6 13.g4 e5 14.fxe5 dxe5 15.Be3 b5
16.g5 Nd7 17.Nd5 Bxd5 18.exd5 Bc5 19.Bxc5 Qxc5+ 20.Kh1 f5 21.gxf6 Nxf6 22.Rf5 e4
23.Qe2 g6 24.Rf4 Qxd5 25.Raf1 Qe5 26.c3 Rad8 27.Qe3 a6 28.Kg1 Rd3 29.Qe2 Rd6
30.Bxe4 Rfd8 31.Kf2 Rd2 32.Qxd2 Qc5+ 33.Qe3  0-1

[Event "ESP-ch"]
[Site "Palencia"]
[Date "1999.08.19"]
[Round "1"]
[White "Garcia Garcia, Ruben"]
[Black "Franco Ocampos, F."]
[Result "0-1"]
[WhiteElo "2193"]
[BlackElo "2474"]

1.e4 c5 2.Nf3 Nc6 3.d4 cxd4 4.Nxd4 e6 5.Nc3 Qc7 6.Be3 a6 7.Be2 b5 8.Nxc6 dxc6
9.O-O Bb7 10.Qe1 Nf6 11.Rd1 Be7 12.f4 b4 13.Na4 c5 14.e5 Nd5 15.Bf3 O-O 16.c4 bxc3
17.Nxc3 Rad8 18.Nxd5 exd5 19.Bd2 Qd7 20.Ba5 Rb8 21.b3 d4 22.f5 Bxf3 23.Rxf3 Rfe8
24.Qg3 Bf8 25.Re1 Qd5 26.Bd2 Rb6 27.h4 c4 28.bxc4 Qxc4 29.h5 Qxa2 30.Rf2 Rb2
31.Ree2 Rb1+ 32.Kh2 Qa1 33.Qg5 d3 34.Re3 Rh1+ 35.Kg3 Rxe5 36.Rxd3 Re8 37.f6 Qe5+
38.Rf4 Qb5 39.Rd7 Rxh5 40.fxg7 Bd6 41.Rxd6 Rxg5+ 42.Kh4 Rg4+ 43.Rxg4 a5 44.Rdd4 Ra8
45.Ra4 Qd5 46.Bg5 Qe5 47.Rgf4 Re8 48.Rad4 Qe1+ 49.Kg4 Kxg7 50.Bf6+ Kg6 51.Rd3 h5+  0-1

[Event "FRA-ch G1"]
[Site "Bescanon"]
[Date "1999.08.21"]
[Round "6"]
[White "Degraeve, Jean Marc"]
[Black "Marciano, David"]
[Result "0-1"]
[WhiteElo "2542"]
[BlackElo "2529"]

1.e4 c5 2.Nf3 e6 3.d4 cxd4 4.Nxd4 Nc6 5.Nc3 Qc7 6.Be3 a6 7.Bd3 b5 8.Nxc6 Qxc6
9.Qe2 Nf6 10.a3 Bb7 11.f3 Qc7 12.O-O Bc5 13.Kh1 Bxe3 14.Qxe3 O-O 15.f4 e5
16.fxe5 Ng4 17.Qg3 Nxe5 18.Rf5 d6 19.Ne2 Rae8 20.Raf1 Ng6 21.Nc3 Ne5 22.Rh5 Nxd3
23.cxd3 Re5 24.Rh4 Re7 25.Rf5 Re5 26.Rff4 Qe7 27.Rf1 d5 28.d4 Rg5 29.Qh3 Bc8
30.Qe3 Rxg2 31.Rh5 Rg4 32.Re5 Qd6 33.Nxd5 f6 34.Rh5 f5 35.Qb3 Be6 36.Qf3 Rxe4
37.Ne3 g6  0-1

[Event "Polanica Zdroj op"]
[Site "Polanica Zdroj"]
[Date "1999.08.21"]
[Round "5"]
[White "Fedorchuk, Sergey A"]
[Black "Buturin, Vladimir"]
[Result "1/2-1/2"]
[WhiteElo "2457"]
[BlackElo "2388"]

1.e4 c5 2.Nf3 Nc6 3.Nc3 e6 4.d4 cxd4 5.Nxd4 Qc7 6.Be2 a6 7.f4 d6 8.Be3 Nf6
9.O-O Be7 10.Qe1 O-O 11.Qg3 Nxd4 12.Bxd4 b5 13.e5 dxe5 14.fxe5 Nd7 15.Ne4 Bb7
16.Nd6 Bd5 17.Bd3 f5 18.exf6 Bxf6 19.Bxf6 Nxf6 20.Nf5 Qa7+ 21.Ne3 Qd4 22.Rf4 Ne4
23.Bxe4 Rxf4 24.Qxf4 Qxe4 25.Nxd5 Qxd5 26.Rf1 h6 27.Qf7+  1/2-1/2

[Event "Pyramiden Franken Cup"]
[Site "Fuerth"]
[Date "1999.08.22"]
[Round "2"]
[White "Sprenger, Jan"]
[Black "Taimanov, Mark E"]
[Result "1/2-1/2"]
[WhiteElo "2191"]
[BlackElo "2407"]

1.e4 c5 2.Nf3 e6 3.d4 cxd4 4.Nxd4 Nc6 5.Nc3 a6 6.Be2 Nge7 7.f4 b5 8.O-O Nxd4
9.Qxd4 Nc6 10.Qf2 Be7 11.Be3 O-O 12.Rad1 Bb7 13.e5 Bh4 14.g3 Be7 15.Ne4 Nb4
16.Bf3 Nd5 17.Bc5 Bxc5 18.Qxc5 Rc8 19.Qf2 Bc6 20.Nd6 Rb8 21.Bxd5 Bxd5 22.f5 f6
23.Qe3 fxe5 24.Qxe5 Qf6 25.Qxf6 Rxf6 26.fxe6 dxe6 27.Rfe1 b4 28.Ne4 Rf5 29.Nc5 Rb6
30.Nd3 g5 31.Re5 Rxe5 32.Nxe5 Rb7 33.b3 Rc7 34.Nd3 a5 35.Rd2 Be4 36.Kf2 Kg7
37.Ke3 Bf5 38.Ke2 Kf6 39.Ke3 h5 40.Rf2 Ke7 41.Ne5 Rc5 42.Nc4 Bg6 43.a3 bxa3
44.Nxa3 a4 45.Kd4 Rd5+ 46.Kc4 axb3 47.cxb3 h4 48.gxh4 gxh4 49.Nc2 Rf5 50.Rxf5 Bxf5
51.Ne3 Be4 52.Kd4 Bc6  1/2-1/2

[Event "Pyramiden Franken Cup"]
[Site "Fuerth"]
[Date "1999.08.22"]
[Round "2"]
[White "Bakhmatov, Eduard"]
[Black "Bischoff, Klaus"]
[Result "0-1"]
[WhiteElo "2261"]
[BlackElo "2509"]

1.e4 c5 2.Nf3 e6 3.Nc3 Nc6 4.d4 cxd4 5.Nxd4 Qc7 6.g3 a6 7.Bg2 Nge7 8.Nb3 Ng6
9.f4 Be7 10.Be3 Rb8 11.Qh5 O-O 12.O-O f6 13.Rad1 b5 14.Rd3 Nh8 15.Rfd1 Nf7
16.Qe2 Nd6 17.Bc1 Nc4 18.Kh1 Nd8 19.Rd4 Nb6 20.R4d3 Nf7 21.Nd4 b4 22.Nb1 a5
23.Qh5 g6 24.Qg4 Ba6 25.Re3 Bc5 26.Ree1 Bxd4 27.Rxd4 Qxc2 28.Be3 Nc4 29.Bg1 b3
30.axb3 Rxb3 31.e5 Rxb2 32.Be4 Bb7 33.Bxb7 Rxb7 34.Qd1 Qxd1 35.Rexd1 d5 36.exd6 Ncxd6
37.Nc3 Rc8 38.Ne4 Nxe4 39.Rxe4 e5 40.fxe5 Nxe5 41.Rf1 Rc6 42.Ref4 Kf7 43.Bd4 Rb5
44.g4 g5 45.Rf5 Kg6 46.h4 h6 47.h5+ Kg7 48.Re1 a4 49.Bxe5 Rxe5 50.Rexe5 fxe5
51.Rxe5 Ra6 52.Re7+ Kf6 53.Re1 a3 54.Kg2 a2 55.Ra1 Ke5  0-1

[Event "GER-ch U20 int"]
[Site "Hamburg"]
[Date "1999.08.22"]
[Round "7"]
[White "Medvegy, Zoltan"]
[Black "Berger, Steve"]
[Result "1-0"]
[WhiteElo "2397"]
[BlackElo "2280"]

1.e4 c5 2.Nf3 Nc6 3.d4 cxd4 4.Nxd4 e6 5.Nc3 Qc7 6.Be3 Nf6 7.Bd3 a6 8.O-O Nxd4
9.Bxd4 Bc5 10.Bxf6 gxf6 11.Qg4 Qe5 12.Kh1 Qg5 13.Qe2 h5 14.Na4 Ba7 15.c4 d6
16.f4 Qg4 17.Qd2 Rg8 18.Rf3 h4 19.h3 Qg7 20.Bf1 Bd7 21.Nc3 O-O-O 22.Rd3 Bc6
23.Rd1 f5 24.e5 Qh6 25.b4 d5 26.cxd5 exd5 27.Nxd5 Bxd5 28.Rxd5 Qb6 29.Bd3 Rxd5
30.Bxf5+ Kb8 31.Qxd5 Qxb4 32.Rb1 Rc8 33.Qd1 Qxb1 34.Qxb1 Rc3 35.Be4 b5 36.Qe1 Re3
37.Qxh4  1-0

[Event "ESP-ch"]
[Site "Palencia"]
[Date "1999.08.22"]
[Round "4"]
[White "De la Villa Garcia, Jesus Maria"]
[Black "Rojo Huerta, Gabriel"]
[Result "1-0"]
[WhiteElo "2473"]
[BlackElo "2384"]

1.e4 c5 2.Nf3 e6 3.Nc3 Nc6 4.d4 cxd4 5.Nxd4 Nf6 6.Ndb5 d6 7.Bf4 e5 8.Bg5 a6
9.Na3 b5 10.Bxf6 gxf6 11.Nd5 Bg7 12.g3 f5 13.Bg2 fxe4 14.Bxe4 Be6 15.Qh5 Rc8
16.O-O Ne7 17.Nxe7 Qxe7 18.Rad1 Rc5 19.b4 Rc3 20.Nb1 Rc4 21.Nd2 Rxb4 22.c3 Ra4
23.Bc6+ Bd7 24.Ne4 O-O 25.Bxd7 Qxd7 26.Nc5 Qg4 27.Qxg4 Rxg4 28.Rxd6 Rc4 29.Nxa6 Rxc3
30.Rb1 Ra3 31.Rxb5 Rxa2 32.Nc5 Rc8 33.Rd7 h6 34.h4 Rc2 35.Ne4 R8c7 36.Rxc7 Rxc7
37.Nd6 h5 38.Kg2 Bf8 39.Ne8 Rc5 40.Nf6+ Kg7 41.Rb6 Rc2 42.Nxh5+ Kh7 43.Rf6 Kg8
44.Rf5 Bc5 45.Nf6+ Kg7 46.Nd7  1-0

[Event "GER-ch U20 int"]
[Site "Hamburg"]
[Date "1999.08.23"]
[Round "8"]
[White "Krejci, Jakub"]
[Black "Berger, Steve"]
[Result "0-1"]
[WhiteElo "2221"]
[BlackElo "2280"]

1.e4 c5 2.Nf3 e6 3.d4 cxd4 4.Nxd4 Nc6 5.Nc3 Qc7 6.Be3 a6 7.Bd3 Nf6 8.O-O Ne5
9.h3 Bc5 10.Kh1 d6 11.f4 Ng6 12.Qe2 O-O 13.Nb3 Bxe3 14.Qxe3 b5 15.e5 dxe5
16.Bxg6 hxg6 17.fxe5 Nd7 18.Rae1 b4 19.Na4 Bb7 20.Nac5 Nxc5 21.Nxc5 Rac8
22.Nxb7 Qxb7 23.Rf2 Rfd8 24.Ref1 Rc7 25.Qb3 Qb5 26.a3 bxa3 27.Qxb5 axb5 28.bxa3 Rd5
29.Re2 Rcc5 30.Rfe1 g5 31.Kg1 Kh7 32.Rf1 Kg6 33.Ref2 Rd7 34.Re2 Rdc7 35.Rb1 Rxc2
36.Rxc2 Rxc2 37.Rxb5 Ra2 38.Ra5 Kf5 39.Ra7 f6 40.exf6 gxf6 41.a4 Kf4 42.Kh2 e5
43.a5 f5 44.a6 e4 45.Ra8 Ke3 46.a7 f4 47.Kg1 Ra1+ 48.Kh2 Kf2 49.Re8 g4 50.hxg4 Rxa7
51.Rh8 e3 52.Rh3 e2 53.Rf3+ Ke1 54.Rd3 Rg7  0-1

[Event "Pyramiden Franken Cup"]
[Site "Fuerth"]
[Date "1999.08.24"]
[Round "4"]
[White "Hoffmann, Michael"]
[Black "Bischoff, Klaus"]
[Result "1/2-1/2"]
[WhiteElo "2439"]
[BlackElo "2509"]

1.e4 c5 2.Nf3 e6 3.d4 cxd4 4.Nxd4 Nc6 5.Nc3 Qc7 6.Be2 a6 7.O-O Nf6 8.Be3 Be7
9.f4 d6 10.Qe1 Bd7 11.Qg3 g6 12.Rad1 Nh5 13.Nxc6  1/2-1/2

[Event "Polanica Zdroj op"]
[Site "Polanica Zdroj"]
[Date "1999.08.24"]
[Round "8"]
[White "Staniszewski, Piotr"]
[Black "Sosnicki, Michal"]
[Result "1/2-1/2"]
[WhiteElo "2448"]
[BlackElo "2335"]

1.e4 c5 2.Nf3 e6 3.d4 cxd4 4.Nxd4 Nc6 5.Nc3 Qc7 6.Be2 a6 7.O-O Nf6 8.Kh1 Nxd4
9.Qxd4 Bc5 10.Qd3 b5 11.f4 Bb7 12.Bf3 O-O 13.e5 Ne8 14.Bxb7 Qxb7 15.f5 f6
16.fxe6 dxe6 17.exf6 Nxf6 18.Bg5 Ng4 19.Ne4 Nf2+ 20.Nxf2 Bxf2 21.Qe2 Qb6
22.a4 bxa4 23.Rxa4 Bd4 24.Be7 Rxf1+ 25.Qxf1 Bxb2 26.Qc4 Ba3 27.Bb4 Bxb4 28.Rxb4 Rd8
29.h4 Rd1+ 30.Kh2 Qd6+ 31.g3 Qd2+ 32.Kh3 Rh1+ 33.Kg4 h5+ 34.Kxh5 Qh6+ 35.Kg4 Qg6+
36.Kf3 Qf5+ 37.Ke3 Re1+ 38.Kd2 Qf2+ 39.Kc3 Qxg3+ 40.Kb2 Qe5+ 41.Qd4 Kf7 42.Ka2 Qxd4
43.Rxd4 e5 44.Ra4 Rh1 45.Kb3 Rh3+ 46.c3 g6 47.Rxa6 Rxh4 48.c4 g5 49.Kc3 g4
50.Kd3 g3 51.Ke2 Rf4 52.Ra3 Rg4 53.Kf1 Ke6 54.Kg2 Rxc4 55.Kxg3 Rc2 56.Kf3  1/2-1/2

[Event "ESP-ch"]
[Site "Palencia"]
[Date "1999.08.25"]
[Round "7"]
[White "Moreno, Javier"]
[Black "Magem Badals, Jorge"]
[Result "1/2-1/2"]
[WhiteElo "2474"]
[BlackElo "2528"]

1.e4 c5 2.Nf3 Nc6 3.Nc3 e6 4.d4 cxd4 5.Nxd4 Qc7 6.Be2 a6 7.O-O Nf6 8.Kh1 Nxd4
9.Qxd4 Bc5 10.Qd3 b5 11.Bg5 Bb7 12.f4 Bb4 13.Bf3 Bxc3 14.bxc3 Rc8 15.Bxf6 gxf6
16.Rad1 Ke7 17.e5 f5 18.Qd6+ Ke8 19.Bxb7 Qxb7 20.Rf3 Rg8 21.Qd3  1/2-1/2

[Event "ESP-ch"]
[Site "Palencia"]
[Date "1999.08.25"]
[Round "7"]
[White "Illescas Cordoba, Miguel"]
[Black "Comas Fabrego, Luis"]
[Result "1/2-1/2"]
[WhiteElo "2600"]
[BlackElo "2510"]

1.e4 c5 2.Nf3 e6 3.d4 cxd4 4.Nxd4 Nc6 5.Nc3 Qc7 6.f4 a6 7.Nf3 b5 8.Bd3 d6
9.O-O Nf6 10.Qe2 Bb7 11.Bd2 Be7 12.a3 O-O 13.b4 Nd7 14.Rae1  1/2-1/2

[Event "BIH-chT"]
[Site "Bihac"]
[Date "1999.08.27"]
[Round "7"]
[White "Runic, Zoran"]
[Black "Ribli, Zoltan"]
[Result "0-1"]
[WhiteElo "2426"]
[BlackElo "2586"]

1.e4 c5 2.Nf3 Nc6 3.d4 cxd4 4.Nxd4 e6 5.Nc3 Qc7 6.Be2 a6 7.a4 Nf6 8.O-O Be7
9.Be3 O-O 10.Kh1 d6 11.f4 Re8 12.Bf3 Bf8 13.Qe1 e5 14.Nxc6 bxc6 15.fxe5 dxe5
16.Qf2 a5 17.Be2 Ng4 18.Bxg4 Bxg4 19.Bc5 Bxc5 20.Qxc5 Rac8 21.h3 Be6 22.Rad1 Red8
23.b3 h5 24.Kh2 Rd4 25.Kg1 Rxd1 26.Rxd1 f6 27.Rd6 Bf7 28.Nb1 Rd8 29.Rxc6 Qd7
30.Nc3 Qd2 31.Qf2 Bg6 32.Qg3 Kh7 33.Rc7 Qxc2 34.Nd5 Qd1+ 35.Kh2 Qf1 36.Qf3 Qxf3
37.gxf3 f5 38.Nf6+ Kh6 39.Nd7 fxe4 40.Nxe5 e3 41.Rc3 e2 42.Re3 Rb8 43.Rxe2 Rxb3
44.Rd2 Bf5 45.Rd5 Kg5 46.Nc4 Rxf3 47.Nd6 Rxh3+ 48.Kg2 Rd3 49.Rxf5+ Kg6 50.Rxa5 Rxd6
51.Rb5 Rd3 52.Rb6+ Kg5 53.Rb5+ Kh6 54.a5 Ra3 55.Rb6+ g6 56.a6 h4 57.Rb8 Rxa6
58.Kh3 Kh5 59.Rh8+ Kg5  0-1

[Event "Zuglo Hotel op 2nd"]
[Site "Budapest"]
[Date "1999.08.27"]
[Round "7"]
[White "Skytte, Rasmus"]
[Black "Nemeth, Zoltan"]
[Result "0-1"]
[WhiteElo "2338"]
[BlackElo "2397"]

1.e4 c5 2.Nf3 Nc6 3.d4 cxd4 4.Nxd4 e6 5.Nc3 Qc7 6.Be2 a6 7.f4 Bb4 8.Nxc6 Qxc6
9.Qd4 Be7 10.Be3 Bh4+ 11.Kd2 Bf6 12.e5 Be7 13.Bf3 d5 14.g4 Bd7 15.h3 Rc8
16.Rh2 Bc5 17.Qxc5 Qxc5 18.Bxc5 Rxc5 19.Ne2 Ne7 20.c3 g5 21.h4 gxf4 22.Nxf4 Bb5
23.a4 Bc4 24.Ke3 Rc7 25.Nh5 Ng6 26.Nf6+ Ke7 27.Kd4 Bb3 28.Ra3 Rc4+ 29.Ke3 Bxa4
30.Bxd5 exd5 31.Nxd5+ Ke6 32.Nb6 Nxe5 33.Re2 Bd1 34.Re1 Rc6 35.Kf4 f6  0-1

[Event "Zuglo Hotel op 2nd"]
[Site "Budapest"]
[Date "1999.08.28"]
[Round "8"]
[White "Gara, Ticia"]
[Black "Szabolcsi, Janos"]
[Result "1-0"]
[WhiteElo "2233"]
[BlackElo "2441"]

1.e4 c5 2.Nf3 Nc6 3.Nc3 e6 4.d4 cxd4 5.Nxd4 Qc7 6.Be2 a6 7.O-O Nf6 8.Be3 Bb4
9.Na4 O-O 10.Nxc6 bxc6 11.Nb6 Rb8 12.Nxc8 Rfxc8 13.Bxa6 Rd8 14.Bd3 Bd6 15.g3 Be5
16.a4 Bxb2 17.Ra2 Bc3 18.Bd2 Qa5 19.Bxc3 Qxc3 20.a5 Rb4 21.Qe1 Qc5 22.a6 Ra8
23.Kg2 Qb6 24.c3 Rb3 25.Qa1 d5 26.Bc2 Rb5 27.Bd3 Rc5 28.Rb1 Qd8 29.a7 Nd7
30.Rb7 dxe4 31.Bxe4 f5 32.Rd2 Rd5 33.Bxd5 cxd5 34.Rdb2 d4 35.cxd4 Nf8 36.Rb8  1-0

[Event "Pyramiden Franken Cup"]
[Site "Fuerth"]
[Date "1999.08.28"]
[Round "8"]
[White "Jansa, Vlastimil"]
[Black "Michaelsen, Nils"]
[Result "0-1"]
[WhiteElo "2442"]
[BlackElo "2439"]

1.e4 c5 2.Nf3 Nc6 3.d4 cxd4 4.Nxd4 e6 5.Nc3 Qc7 6.g3 a6 7.Bg2 Nf6 8.O-O Bc5
9.Nxc6 bxc6 10.Na4 Be7 11.c4 d6 12.c5 dxc5 13.Be3 Nd7 14.Qc2 Rb8 15.Nxc5 Nxc5
16.Bxc5 O-O 17.b3 Bxc5 18.Qxc5 Rb5 19.Qe3 a5 20.Rfc1 a4 21.bxa4 Ra5 22.Rc5 Rxa4
23.Qb3 Ra6 24.a4 Qd6 25.Rac1 Bd7 26.a5 Qd4 27.Qc2 Ra7 28.Rb1 Rfa8 29.Bf1 h5
30.a6 h4 31.Qc4 Qd2 32.Qc3 Qxc3 33.Rxc3 hxg3 34.hxg3 Kf8 35.Rcb3 Bc8 36.Ra1 Ke7
37.e5 Kd8 38.Rd1+ Rd7 39.Ra1 Rda7 40.Rc3 Kc7 41.Rf3 Kd8 42.Ra4 Re7 43.Rc3 Rc7
44.Rh4 Raa7 45.Rh8+ Ke7 46.Ra3 Bd7 47.Bc4 Rc8 48.Rh7 g6 49.Bd3 g5 50.Be4 Be8
51.Rg7 c5 52.Bb7 Rc7 53.Rc3 Bb5 54.Rf3 Kf8 55.Rxg5 Bxa6  0-1

[Event "Atlantic op"]
[Site "Washington DC"]
[Date "1999.08.29"]
[Round "4"]
[White "Morrison, William"]
[Black "Vukadinov, Milan"]
[Result "1-0"]
[WhiteElo "2371"]
[BlackElo "2222"]

1.e4 c5 2.Nf3 Nc6 3.d4 cxd4 4.Nxd4 e6 5.Nc3 Qc7 6.Be3 a6 7.Bd3 Nf6 8.Nxc6 bxc6
9.O-O d5 10.f4 Be7 11.Kh1 Bb7 12.exd5 cxd5 13.Bd4 O-O 14.Qf3 g6 15.Rae1 Qd7
16.f5 Bd8 17.fxe6 fxe6 18.Qh3 e5 19.Rxf6 Qxh3 20.Rxf8+ Kxf8 21.Bc5+ Be7 22.Bxe7+ Kxe7
23.gxh3 e4 24.Nxe4 dxe4 25.Bxe4 Bxe4+ 26.Rxe4+ Kd6 27.Kg2 Rc8 28.Re2 h6 29.Kf2 a5
30.Ke1  1-0

[Event "EU-ch U16"]
[Site "Litohoto"]
[Date "1999.09.03"]
[Round "1"]
[White "Mastrovasilis, Dimitrios"]
[Black "Savic, B."]
[Result "1-0"]
[WhiteElo "2384"]
[BlackElo "2149"]

1.e4 c5 2.Nf3 e6 3.d4 cxd4 4.Nxd4 Nc6 5.Nc3 d6 6.g4 Nf6 7.g5 Nd7 8.Be3 Be7
9.h4 O-O 10.Qh5 a6 11.O-O-O Nxd4 12.Bxd4 b5 13.Bd3 b4 14.Bxg7 Kxg7 15.Qh6+ Kg8
16.e5 f5 17.gxf6 Nxf6 18.Rhg1+  1-0

[Event "EU-ch U16"]
[Site "Litohoto"]
[Date "1999.09.03"]
[Round "1"]
[White "Grigoriants, Sergey"]
[Black "Gabrinsky, Y."]
[Result "1-0"]
[WhiteElo "2413"]
[BlackElo "2155"]

1.e4 c5 2.Nf3 e6 3.Nc3 Nc6 4.d4 cxd4 5.Nxd4 Nf6 6.Ndb5 Bb4 7.a3 Bxc3+ 8.Nxc3 d5
9.exd5 exd5 10.Bd3 O-O 11.O-O d4 12.Ne4 Nxe4 13.Bxe4 Qf6 14.Qh5 h6 15.Re1 Be6
16.Bd2 Rfd8 17.g4 Ne5 18.g5 g6 19.Qxh6 Qe7 20.Bf4 Bf5 21.Bg2  1-0

[Event "EU-ch U14"]
[Site "Litohoto"]
[Date "1999.09.04"]
[Round "2"]
[White "Bartel, Mateusz"]
[Black "Livshits, Gaby"]
[Result "1-0"]
[WhiteElo "2343"]
[BlackElo "2119"]

1.e4 c5 2.Nf3 e6 3.d4 cxd4 4.Nxd4 Nc6 5.Nc3 Qc7 6.g3 a6 7.Bg2 Nf6 8.O-O Nxd4
9.Qxd4 Bc5 10.Bf4 d6 11.Qd2 h6 12.Rad1 e5 13.Be3 Bg4 14.Bxc5 dxc5 15.f3 Be6
16.f4 O-O 17.Nd5 Bxd5 18.exd5 e4 19.Rfe1 Rfe8 20.c4 Qd6 21.Re3 b5 22.b3 bxc4
23.bxc4 Rab8 24.Rde1 Rb4 25.Bxe4 Reb8 26.Bd3 Rb2 27.Bc2 Kf8 28.a3 h5 29.R3e2 h4
30.Qe3 h3 31.Bf5  1-0